000 00585nam a22002055i 4500
001 170124
003 ES-MaACL
005 20250315062557.0
008 090203s2008 sp |||| | spa d
020 _a978-84-321-3706-8
080 _a821.134.2-14"19"
100 1 _aPizarro, Raul.
_9139337
245 1 0 _aCaída hacia la luz
_b: (notas de un diario) /
_cRaúl Pizarro.
260 _aMadrid :
_bRialp,
_c[2008]
300 _a71 p. ;
_c17 cm.
490 1 _aAdonais ;
_v607
830 0 0 _aAdonáis
_v607
_9173743
852 _aES-MaACL
_jJ-23-607
_9R.144318
999 _c170124
_d170124